Rozpoznaj reprezentantów Brazylii z 90+ meczami - 2026.01. - Statystyki

Ogólne statystyki
  • Ten quiz został rozwiązany 25 razy
  • Średni wynik to 13 z 19
Statystyki odpowiedzi
Obrazkowy Hint Odpowiedź % Poprawnych
126 Dani Alves
100%
92 Kaká
100%
128 Neymar
100%
92 Pelé
100%
99 Ronaldo
100%
143 Cafu
96%
97 Ronaldinho
96%
127 Roberto Carlos
91%
113 Thiago Silva
91%
93 Dida
87%
103 Marquinhos
74%
100 Robinho
70%
105 Lúcio
61%
91 meczów Dunga
52%
102 Claudio Taffarel
43%
92 Rivellino
22%
93 Gilberto Silva
9%
93 Gilmar
9%
98 Djalma Santos
4%
Nie znaleziono quizów pasujących do podanych kryteriów
Rozkład punktacji
Procent ludzi z każdym wynikiem
Percentyl według liczby udzielonych odpowiedzi
Twoja historia wyników
Nie rozwiązałeś tego quizu